| 000 | 00508nam a2200205Ia 4500 | ||
|---|---|---|---|
| 005 | 20240425101437.0 | ||
| 008 | 131103s9999 xx 000 0 und d | ||
| 020 | _a590381571 | ||
| 040 | _aLoreto College | ||
| 041 | _aEnglish | ||
| 082 |
_a425 _bTER |
||
| 100 | _aTerban, Marvin | ||
| 245 |
_aDictionary idioms _cMarvin Terban |
||
| 260 |
_aLondon _bScholastic Reference _c1996 |
||
| 300 |
_a245p. _b ills. |
||
| 504 | _aIncludes index | ||
| 650 | _aEnglish grammar | ||
| 850 | _aLCBED | ||
| 942 | _cBK | ||
| 999 |
_c28005 _d78484 |
||